Historical Figures whose Names starts with F - Statistics

General Stats
  • This quiz has been taken 36 times
  • The average score is 15 of 24
Answer Stats
Picture Hint Answer % Correct
Revolutionary leader of Cuba Fidel Castro
97%
archduke of Austria-Hungary Franz Ferdinand
97%
WW II U.S. president Franklin D. Roosevelt
94%
singer of Queen Freddy Mercury
91%
My Way Frank Sinatra
88%
Crimean War nurse Florence Nightingale
85%
author of the Great Gatsby F. Scott Fitzgerald
85%
Spanish fascist leader Francisco Franco
82%
Mexican painter Frida Kahlo
82%
English sea captain Francis Drake
76%
"God is dead, and we have killed him" Friedrich Nietzsche
76%
author of Crime and Punishment Fyodor Dostoevsky
76%
author of Metamorphosis Franz Kafka
73%
mathematical sequence and nickname Fibonacci
61%
Hungarian composer Franz Liszt
61%
King of Prussia Frederick the Great
61%
the poet of the piano Frédéric Chopin
58%
leader in the abolitionist movement Frederick Douglass
48%
scientific method Francis Bacon
30%
Roman Catholic missionary Francis Xavier
21%
American voting activist Fannie Lou Hamer
6%
created the first gasoline–electric hybrid vehicle Ferdinand Porsche
6%
founded the University of al-Qarawiyyin in Fez Fatima al-Fihri
3%
Mother of Forensic Science Frances Glessner Lee
3%
No matching quizzes found
Score Distribution
Percent of People with Each Score
Percentile by Number Answered
Your Score History
You have not taken this quiz